[Event "NOR-chT Elite 2324"]
[Site "Norway"]
[Date "2024.03.08"]
[Round "7.32"]
[White "Jankovic, Alojzije"]
[Black "Delchev, Aleksander"]
[Result "1/2-1/2"]
[WhiteElo "2550"]
[BlackElo "2486"]
[PlyCount "28"]
[EventDate "2023.10.27"]
[EventType "team-tourn"]
[EventRounds "9"]
[EventCountry "NOR"]
[SourceTitle "CB16_2024"]
[SourceDate "2024.04.17"]
[SourceVersion "1"]
[SourceVersionDate "2024.04.17"]
[SourceQuality "1"]
[WhiteTeam "Asker"]
[BlackTeam "Baerum"]
[WhiteTeamCountry "NOR"]
[BlackTeamCountry "NOR"]

1. d4 Nf6 2. c4 e6 3. Nf3 d5 4. Nc3 Bb4 5. cxd5 exd5 6. Bg5 h6 7. Bh4 0-0 8. e3 Bf5 9. Qb3 Bxc3+ 10. Qxc3 Nbd7 11. Be2 Re8 12. Nd2 Rc8 13. b4 Ne4 14. Nxe4 Qxh4 1/2-1/2

[Event "CRO Cup"]
[Site "Mali Losinj"]
[Date "2023.05.11"]
[Round "3.2"]
[White "Jankovic, Alojzije"]
[Black "Bukal, Vladimir Jr"]
[Result "1-0"]
[WhiteElo "2541"]
[BlackElo "2404"]
[PlyCount "65"]
[EventDate "2023.05.10"]
[EventType "team-swiss"]
[EventRounds "6"]
[EventCountry "CRO"]
[SourceTitle "CBM 214 Extra"]
[Source "ChessBase"]
[SourceDate "2023.07.31"]
[SourceVersion "1"]
[SourceVersionDate "2023.07.31"]
[SourceQuality "1"]
[WhiteTeam "Zagreb CC"]
[BlackTeam "Zagreb Mladost"]
[WhiteTeamCountry "CRO"]
[BlackTeamCountry "CRO"]

1. d4 e6 2. c4 Nf6 3. Nf3 a6 4. Nc3 Bb4 5. Bg5 h6 6. Bh4 g5 7. Bg3 Ne4 8. Qc2 Bxc3+ 9. bxc3 Nxg3 10. hxg3 d6 11. e3 Qe7 12. Bd3 Nd7 13. Rb1 Kf8 14. Nd2 Kg7 15. f4 e5 16. fxe5 dxe5 17. 0-0 exd4 18. exd4 Qe3+ 19. Kh2 Nf6 20. Ne4 Ng4+ 21. Kh1 f5 22. Rf3 fxe4 23. Bxe4 Nf2+ 24. Rxf2 Bg4 25. Rbf1 Raf8 26. Kh2 c6 27. Qb2 Rxf2 28. Rxf2 Rd8 29. Bf3 Bc8 30. Re2 Qd3 31. Qb4 Rf8 32. Qe7+ Kg8 33. Be4 1-0

[Event "HUN-chT 2223"]
[Site "Hungary"]
[Date "2022.12.18"]
[Round "3.4"]
[White "Marosi, Levente"]
[Black "Jankovic, Alojzije"]
[Result "1-0"]
[WhiteElo "2288"]
[BlackElo "2548"]
[PlyCount "81"]
[EventDate "2022.11.20"]
[EventType "team-tourn"]
[EventRounds "9"]
[EventCountry "HUN"]
[SourceTitle "CBM 213 Extra"]
[Source "ChessBase"]
[SourceDate "2023.05.31"]
[SourceVersion "1"]
[SourceVersionDate "2023.05.31"]
[SourceQuality "1"]
[WhiteTeam "Budapest MTK"]
[BlackTeam "Haladas"]
[WhiteTeamCountry "HUN"]
[BlackTeamCountry "HUN"]

1. e4 c5 2. Nf3 d6 3. d4 cxd4 4. Nxd4 Nf6 5. Nc3 Nc6 6. Bg5 e6 7. Qd2 a6 8. 0-0-0 Bd7 9. f4 h6 10. Bh4 b5 11. a3 Rb8 12. Nxc6 Bxc6 13. Bd3 Qb6 14. Bf2 Qb7 15. Rhe1 Be7 16. Kb1 a5 17. e5 dxe5 18. fxe5 Nd7 19. Ne4 b4 20. a4 b3 21. c3 0-0 22. Bd4 Bxe4 23. Rxe4 Qc6 24. Rg4 Bg5 25. Rxg5 hxg5 26. Qxg5 Rfd8 27. Rf1 Nf8 28. Rf4 Qxa4 29. Qh5 Qa2+ 30. Kc1 Qa1+ 31. Bb1 Ng6 32. Rxf7 Rxd4 33. Qxg6 Qxb1+ 34. Qxb1 Rg4 35. Rf2 Rd8 36. g3 Rd5 37. Rf4 Rxe5 38. Qd3 Rxf4 39. gxf4 Re1+ 40. Kd2 Rh1 41. Qe2 1-0

[Event "Hvar Arsenal blitz op"]
[Site "Hvar"]
[Date "2022.10.11"]
[Round "1"]
[White "Arnold, Jan1111"]
[Black "Jankovic, Alojzije"]
[Result "0-1"]
[WhiteElo "1772"]
[BlackElo "2484"]
[PlyCount "78"]
[EventDate "2022.10.11"]
[EventType "swiss (blitz)"]
[EventRounds "11"]
[EventCountry "CRO"]
[SourceTitle "CBM 210 Extra"]
[Source "ChessBase"]
[SourceDate "2022.11.30"]
[SourceVersion "1"]
[SourceVersionDate "2022.11.30"]
[SourceQuality "1"]

1. e4 c5 2. Nc3 Nc6 3. f4 g6 4. Nf3 Bg7 5. Bb5 Nd4 6. 0-0 a6 7. Be2 b5 8. a3 Bb7 9. d3 Nf6 10. Be3 Qb6 11. h3 0-0 12. Rb1 d5 13. exd5 Nxd5 14. Nxd5 Bxd5 15. c3 Nxe2+ 16. Qxe2 Qc7 17. d4 Bc4 18. Qf2 Bxf1 19. Rxf1 c4 20. g4 f6 21. h4 a5 22. h5 b4 23. hxg6 hxg6 24. Nh4 g5 25. Nf5 e6 26. Ng3 Qc6 27. Qh2 bxc3 28. bxc3 Rab8 29. fxg5 fxg5 30. Bxg5 Rxf1+ 31. Nxf1 Rb1 32. Qf4 e5 33. dxe5 Qc5+ 34. Qe3 Qxe3+ 35. Bxe3 Bxe5 36. Kf2 Bxc3 37. Ng3 Be1+ 38. Kf3 Bxg3 39. Kxg3 c3 0-1

[Event "Hvar Arsenal blitz op"]
[Site "Hvar"]
[Date "2022.10.11"]
[Round "11"]
[White "Batinic, Josip"]
[Black "Jankovic, Alojzije"]
[Result "0-1"]
[WhiteElo "1871"]
[BlackElo "2484"]
[PlyCount "52"]
[EventDate "2022.10.11"]
[EventType "swiss (blitz)"]
[EventRounds "11"]
[EventCountry "CRO"]
[SourceTitle "CBM 210 Extra"]
[Source "ChessBase"]
[SourceDate "2022.11.30"]
[SourceVersion "1"]
[SourceVersionDate "2022.11.30"]
[SourceQuality "1"]

1. e4 c5 2. d4 cxd4 3. c3 Nf6 4. e5 Nd5 5. cxd4 d6 6. f4 Nc6 7. Nc3 dxe5 8. fxe5 Bf5 9. a3 Qa5 10. Qd2 0-0-0 11. Nf3 e6 12. Bc4 Nb6 13. Bb5 Nb4 14. 0-0 Nc2 15. b4 Bxb4 16. axb4 Qxa1 17. Bd3 Bxd3 18. Qxd3 Nxb4 19. Qb5 N4d5 20. Qc5+ Kb8 21. Nxd5 Rxd5 22. Qe7 Rd7 23. Qg5 g6 24. Qh6 Rc8 25. Be3 Qa3 26. Ng5 Qxe3+ 0-1

[Event "Hvar Arsenal blitz op"]
[Site "Hvar"]
[Date "2022.10.11"]
[Round "4"]
[White "Jankovic, Alojzije"]
[Black "Golubovic, Boris"]
[Result "1-0"]
[WhiteElo "2484"]
[BlackElo "2313"]
[PlyCount "57"]
[EventDate "2022.10.11"]
[EventType "swiss (blitz)"]
[EventRounds "11"]
[EventCountry "CRO"]
[SourceTitle "CBM 210 Extra"]
[Source "ChessBase"]
[SourceDate "2022.11.30"]
[SourceVersion "1"]
[SourceVersionDate "2022.11.30"]
[SourceQuality "1"]

1. d4 d5 2. c4 c6 3. Nf3 Nf6 4. Nc3 dxc4 5. a4 Bf5 6. Ne5 Nbd7 7. Nxc4 Qc7 8. Qd2 g6 9. g3 e5 10. Bg2 exd4 11. Qxd4 Bc5 12. Qh4 0-0 13. 0-0 Rfe8 14. Bf4 Qd8 15. Rad1 Ne4 16. Qxd8 Raxd8 17. Nxe4 Bxe4 18. Bc7 Rc8 19. Rxd7 Bf5 20. Rfd1 Bxd7 21. Rxd7 Rxe2 22. Nd6 Bxd6 23. Bxd6 Rd2 24. Bf1 Re8 25. Bc4 Re1+ 26. Kg2 Red1 27. Bxf7+ Kg7 28. Bb3+ Kf6 29. Bxd1 1-0

[Event "Hvar Arsenal blitz op"]
[Site "Hvar"]
[Date "2022.10.11"]
[Round "5"]
[White "Plenkovic, Zdenko"]
[Black "Jankovic, Alojzije"]
[Result "0-1"]
[WhiteElo "2356"]
[BlackElo "2484"]
[PlyCount "60"]
[EventDate "2022.10.11"]
[EventType "swiss (blitz)"]
[EventRounds "11"]
[EventCountry "CRO"]
[SourceTitle "CBM 210 Extra"]
[Source "ChessBase"]
[SourceDate "2022.11.30"]
[SourceVersion "1"]
[SourceVersionDate "2022.11.30"]
[SourceQuality "1"]

1. e4 c5 2. Nf3 Nc6 3. Bb5 g6 4. Bxc6 dxc6 5. d3 Bg7 6. 0-0 b6 7. a4 a5 8. Na3 e5 9. Nd2 Ne7 10. Ndc4 0-0 11. f4 exf4 12. Bxf4 f5 13. Bg5 fxe4 14. dxe4 Rxf1+ 15. Qxf1 Ba6 16. Rd1 Bd4+ 17. Kh1 b5 18. c3 bxc4 19. cxd4 Qd7 20. Qf6 Re8 21. Rf1 Nc8 22. Bh6 Qe7 23. Qxc6 Bb7 24. Qxc5 Qxc5 25. dxc5 Bxe4 26. Kg1 Bd3 27. Rf4 Ne7 28. Nxc4 Nf5 29. Bg5 Re1+ 30. Kf2 Rf1# 0-1

[Event "Hvar Arsenal blitz op"]
[Site "Hvar"]
[Date "2022.10.11"]
[Round "9"]
[White "Rogic, Davor"]
[Black "Jankovic, Alojzije"]
[Result "1-0"]
[WhiteElo "2418"]
[BlackElo "2484"]
[PlyCount "102"]
[EventDate "2022.10.11"]
[EventType "swiss (blitz)"]
[EventRounds "11"]
[EventCountry "CRO"]
[SourceTitle "CBM 210 Extra"]
[Source "ChessBase"]
[SourceDate "2022.11.30"]
[SourceVersion "1"]
[SourceVersionDate "2022.11.30"]
[SourceQuality "1"]

1. e4 c5 2. Nf3 Nc6 3. d4 cxd4 4. Nxd4 e5 5. Nb5 d6 6. N1c3 a6 7. Na3 Be7 8. Nc4 b5 9. Ne3 Nf6 10. Ned5 0-0 11. Nxf6+ Bxf6 12. a4 b4 13. Nd5 Bg5 14. Bc4 Be6 15. 0-0 a5 16. c3 bxc3 17. bxc3 Bxc1 18. Rxc1 Rb8 19. Qd3 Ne7 20. Rfd1 Nc8 21. Bb5 Bxd5 22. Qxd5 Qc7 23. c4 Nb6 24. Qxd6 Qxd6 25. Rxd6 Rfc8 26. c5 h5 27. g3 Na8 28. Rd7 Nc7 29. Bc4 Ne6 30. Bxe6 fxe6 31. c6 Kh7 32. Rc5 Rb4 33. c7 Rb7 34. Rxe5 Rbxc7 35. Rxc7 Rxc7 36. Rxh5+ Kg6 37. Rxa5 Rc4 38. e5 Kf5 39. Kg2 g5 40. h3 Rc3 41. Rb5 Ra3 42. a5 Ke4 43. h4 gxh4 44. gxh4 Kf5 45. h5 Rh3 46. Rb6 Kxe5 47. h6 Kf6 48. Rxe6+ Kf7 49. h7 Kg7 50. Rh6 Kh8 51. f3 Kg7 1-0

[Event "Hvar Arsenal blitz op"]
[Site "Hvar"]
[Date "2022.10.11"]
[Round "3"]
[White "Sisic, Muhamed"]
[Black "Jankovic, Alojzije"]
[Result "1/2-1/2"]
[WhiteElo "1979"]
[BlackElo "2484"]
[PlyCount "63"]
[EventDate "2022.10.11"]
[EventType "swiss (blitz)"]
[EventRounds "11"]
[EventCountry "CRO"]
[SourceTitle "CBM 210 Extra"]
[Source "ChessBase"]
[SourceDate "2022.11.30"]
[SourceVersion "1"]
[SourceVersionDate "2022.11.30"]
[SourceQuality "1"]

1. d4 Nf6 2. Nf3 d6 3. c4 g6 4. Nc3 Bf5 5. Bg5 Ne4 6. Bf4 Nxc3 7. bxc3 Bg7 8. e3 c6 9. Bd3 Bxd3 10. Qxd3 Qa5 11. 0-0 Nd7 12. Rab1 Nb6 13. Rb2 Qa6 14. e4 0-0 15. Rfb1 Rac8 16. Qe2 c5 17. e5 cxd4 18. cxd4 dxe5 19. Bxe5 Qxc4 20. Bxg7 Kxg7 21. Qe5+ Kg8 22. h3 Qc7 23. Qe4 Rfd8 24. a4 Rb8 25. Rb5 Nxa4 26. Rxb7 Rxb7 27. Rxb7 Nc3 28. Rxc7 Nxe4 29. Rxe7 Nd6 30. Rxa7 Nb5 31. Rb7 Nxd4 32. Nxd4 1/2-1/2

[Event "HUN-chT 2122"]
[Site "Hungary"]
[Date "2022.04.10"]
[Round "9.6"]
[White "Jankovic, Alojzije"]
[Black "Torma, Robert"]
[Result "1-0"]
[WhiteElo "2541"]
[BlackElo "2429"]
[PlyCount "57"]
[EventDate "2021.10.10"]
[EventType "team-tourn"]
[EventRounds "9"]
[EventCountry "HUN"]
[SourceTitle "EXT 2023"]
[Source "ChessBase"]
[SourceDate "2022.10.05"]
[SourceVersion "1"]
[SourceVersionDate "2022.10.05"]
[SourceQuality "1"]
[WhiteTeam "Haladas"]
[BlackTeam "Biatorbagy"]
[WhiteTeamCountry "HUN"]
[BlackTeamCountry "HUN"]

1. d4 d5 2. c4 e6 3. Nf3 Nf6 4. Bg5 dxc4 5. e4 c5 6. Bxc4 cxd4 7. e5 h6 8. Bd2 Nfd7 9. 0-0 Nc6 10. Re1 a6 11. Bf4 b5 12. Bf1 Nc5 13. Nbd2 Qd5 14. a3 Bb7 15. Rc1 Rd8 16. b4 Na4 17. Ne4 Be7 18. h4 0-0 19. Qd2 f5 20. Nd6 Bxd6 21. exd6 Rfe8 22. Bxh6 Qxd6 23. Bxg7 Kxg7 24. Qg5+ Kh7 25. Qh5+ Kg8 26. Qg6+ Kf8 27. Ng5 Qd7 28. Nxe6+ Rxe6 29. Rxe6 1-0

[Event "HUN-chT 2122"]
[Site "Hungary"]
[Date "2022.02.27"]
[Round "7.6"]
[White "Jankovic, Alojzije"]
[Black "Tubak, Daniel"]
[Result "1-0"]
[WhiteElo "2541"]
[BlackElo "2209"]
[PlyCount "63"]
[EventDate "2021.10.10"]
[EventType "team-tourn"]
[EventRounds "9"]
[EventCountry "HUN"]
[SourceTitle "EXT 2023"]
[Source "ChessBase"]
[SourceDate "2022.10.05"]
[SourceVersion "1"]
[SourceVersionDate "2022.10.05"]
[SourceQuality "1"]
[WhiteTeam "Haladas"]
[BlackTeam "Maroczy"]
[WhiteTeamCountry "HUN"]
[BlackTeamCountry "HUN"]

1. d4 Nf6 2. Nf3 e6 3. c4 d5 4. Qc2 dxc4 5. Qxc4 a6 6. Bg5 Be7 7. Nbd2 Nbd7 8. Nb3 b5 9. Qc6 Rb8 10. Rd1 Bb7 11. Qc1 Qc8 12. Ne5 Nxe5 13. dxe5 Bb4+ 14. Bd2 Bxd2+ 15. Rxd2 Nd7 16. Rc2 Nxe5 17. Rxc7 Qd8 18. Qc5 Nc4 19. e3 Nd6 20. Be2 0-0 21. 0-0 Ne4 22. Qe5 Qd5 23. Qxd5 Bxd5 24. Na5 Rfc8 25. Rfc1 Nd6 26. f3 Bxa2 27. b3 Rxc7 28. Rxc7 Bb1 29. Rc6 Nf5 30. Rc1 Ba2 31. Kf2 Rd8 32. Rc2 1-0

[Event "HUN-chT 2122"]
[Site "Hungary"]
[Date "2021.10.10"]
[Round "1.6"]
[White "Izsak, Gyula"]
[Black "Jankovic, Alojzije"]
[Result "0-1"]
[WhiteElo "2409"]
[BlackElo "2541"]
[PlyCount "74"]
[EventDate "2021.10.10"]
[EventType "team-tourn"]
[EventRounds "9"]
[EventCountry "HUN"]
[SourceTitle "EXT 2023"]
[Source "ChessBase"]
[SourceDate "2022.10.05"]
[SourceVersion "1"]
[SourceVersionDate "2022.10.05"]
[SourceQuality "1"]
[WhiteTeam "Kobanya Aquarena"]
[BlackTeam "Haladas"]
[WhiteTeamCountry "HUN"]
[BlackTeamCountry "HUN"]

1. d4 Nf6 2. c4 d6 3. Nf3 g6 4. g3 c6 5. Bg2 Qa5+ 6. Bd2 Qa6 7. Qc2 Bg7 8. b3 0-0 9. Bc3 Nbd7 10. Nbd2 b5 11. 0-0 Bb7 12. Bb2 bxc4 13. Qxc4 Rac8 14. Qxa6 Bxa6 15. Rfe1 Nd5 16. a3 N5b6 17. Rab1 c5 18. dxc5 Rxc5 19. b4 Rc2 20. Bxg7 Kxg7 21. b5 Bb7 22. Nb3 Rc3 23. Nfd4 Bxg2 24. Kxg2 e5 25. Nf3 d5 26. Nfd2 Rfc8 27. Rec1 Na4 28. Rxc3 Nxc3 29. Rc1 Nb6 30. Nf3 f6 31. Rc2 Nba4 32. Na5 Rc5 33. Nc6 Rxb5 34. Nxa7 Rc5 35. Rd2 Rc7 36. Nb5 Nxb5 37. Rxd5 Nac3 0-1

[Event "CRO Cup"]
[Site "Mali Losinj"]
[Date "2019.05.16"]
[Round "3.24"]
[White "Jankovic, Alojzije"]
[Black "Rogic, Davor"]
[Result "1/2-1/2"]
[WhiteElo "2536"]
[BlackElo "2498"]
[PlyCount "162"]
[EventDate "2019.05.15"]
[EventType "team-swiss"]
[EventRounds "6"]
[EventCountry "CRO"]
[SourceTitle "CBM 190 Extra"]
[Source "ChessBase"]
[SourceDate "2019.07.15"]
[SourceVersion "1"]
[SourceVersionDate "2019.07.15"]
[SourceQuality "1"]
[WhiteTeam "Zagreb CC"]
[BlackTeam "Solin Cemex"]
[WhiteTeamCountry "CRO"]
[BlackTeamCountry "CRO"]

1. d4 d5 2. c4 c6 3. Nf3 Nf6 4. Qc2 g6 5. Bf4 dxc4 6. e4 b5 7. b3 cxb3 8. axb3 Bg7 9. Be2 0-0 10. 0-0 Bb7 11. Nbd2 Nbd7 12. h3 a6 13. Ra2 Qb6 14. Be3 Rfc8 15. Rfa1 a5 16. Qc3 c5 17. Qd3 cxd4 18. Bxd4 Nc5 19. Qxb5 Qxb5 20. Bxb5 Nfxe4 21. Bxg7 Kxg7 22. Rxa5 Rab8 23. b4 Ne6 24. Bd7 Nxd2 25. Nxd2 Rd8 26. Bxe6 Rxd2 27. Bc4 Rc8 28. Bf1 Rcc2 29. Ra7 Bd5 30. Rd7 e6 31. f3 g5 32. b5 Rb2 33. Rc7 Kf6 34. Rcc1 Ke5 35. Rab1 f5 36. Rxb2 Rxb2 37. Rc7 h5 38. Rh7 h4 39. Rc7 Kf4 40. Rc1 Kg3 41. Re1 Bb3 42. Rc1 Ba4 43. f4 Bxb5 44. Bxb5 Rxb5 45. fxg5 Kf4 46. g6 Rb7 47. Rc6 e5 48. Kf2 Rg7 49. Re6 e4 50. Ra6 Kg5 51. Ke3 Rxg6 52. Ra8 Rg7 53. Rf8 Re7 54. Rg8+ Kf6 55. Ra8 Re6 56. Rb8 Kg5 57. Rg8+ Rg6 58. Ra8 Rg7 59. Rf8 Ra7 60. Rg8+ Kf6 61. Kf4 Ra2 62. Rf8+ Ke6 63. Re8+ Kf6 64. Rf8+ Kg6 65. Rh8 Kg7 66. Rh5 Rf2+ 67. Ke3 Kg6 68. Rh8 Rb2 69. Kf4 Rf2+ 70. Ke3 Rf1 71. Rxh4 Kg5 72. Rh8 Re1+ 73. Kf2 Ra1 74. g3 Ra2+ 75. Ke3 Ra3+ 76. Kf2 Rf3+ 77. Kg2 Kf6 78. Re8 Rc3 79. g4 Rc2+ 80. Kg3 Rc3+ 81. Kg2 fxg4 1/2-1/2

[Event "EU-ch rapid"]
[Site "Skopje"]
[Date "2018.12.09"]
[Round "13"]
[White "Jankovic, Alojzije"]
[Black "Warmerdam, Max"]
[Result "1-0"]
[WhiteElo "2557"]
[BlackElo "2433"]
[PlyCount "129"]
[EventDate "2018.12.08"]
[EventType "swiss (rapid)"]
[EventRounds "13"]
[EventCountry "MKD"]
[SourceTitle "CBM 187 Extra"]
[Source "ChessBase"]
[SourceDate "2018.11.04"]
[SourceVersion "1"]
[SourceVersionDate "2018.11.04"]
[SourceQuality "1"]

1. d4 Nf6 2. Nf3 g6 3. c4 Bg7 4. Nc3 0-0 5. e4 d6 6. Be2 Na6 7. 0-0 e5 8. Re1 Bg4 9. d5 Nc5 10. Bf1 a5 11. Rb1 Nh5 12. h3 Bd7 13. g3 f5 14. exf5 Bxf5 15. Ra1 Bd7 16. Ng5 Nf6 17. Bg2 h6 18. Nf3 e4 19. Nd2 Qc8 20. Ndxe4 Nfxe4 21. Nxe4 Bxh3 22. Nxc5 dxc5 23. Be3 b6 24. d6 Bxg2 25. Kxg2 cxd6 26. Qxd6 Qb7+ 27. Kg1 Rf6 28. Qd3 Raf8 29. Rad1 Rf5 30. g4 R5f6 31. Qd5+ Qxd5 32. Rxd5 Re6 33. Red1 Re4 34. g5 hxg5 35. Rxg5 Bf6 36. Rg3 Bd4 37. Bxd4 cxd4 38. Rxg6+ Kh7 39. Rg3 Rff4 40. Kg2 Rh4 41. Rdd3 Re2 42. Rh3 Rxh3 43. Rxh3+ Kg7 44. Rb3 Rc2 45. Rxb6 Rxc4 46. Kf3 Rc2 47. Ke4 Rxf2 48. Kxd4 a4 49. a3 Kf7 50. Kc3 Ke7 51. Rb4 Rf3+ 52. Kc2 Rf2+ 53. Kc3 Rf3+ 54. Kc4 Rf2 55. Kb5 Kd6 56. Kxa4 Kc5 57. Rb8 Kc6 58. b4 Rf3 59. Rh8 Kb6 60. Rh6+ Kb7 61. b5 Ka7 62. Kb4 Kb7 63. a4 Ka7 64. Rh7+ Kb6 65. a5# 1-0

[Event "EU-ch blitz"]
[Site "Skopje"]
[Date "2018.12.07"]
[Round "18"]
[White "Djuric, Stefan"]
[Black "Jankovic, Alojzije"]
[Result "0-1"]
[WhiteElo "2371"]
[BlackElo "2557"]
[PlyCount "64"]
[EventDate "2018.12.06"]
[EventType "swiss (blitz)"]
[EventRounds "22"]
[EventCountry "MKD"]
[SourceTitle "CBM 187 Extra"]
[Source "ChessBase"]
[SourceDate "2018.11.04"]
[SourceVersion "1"]
[SourceVersionDate "2018.11.04"]
[SourceQuality "1"]

1. e4 c5 2. Nf3 Nc6 3. c3 Nf6 4. Bd3 d6 5. 0-0 g6 6. Re1 Bg4 7. h3 Bxf3 8. Qxf3 Bg7 9. Bb5 Nd7 10. Bxc6 bxc6 11. d3 0-0 12. Qd1 e5 13. Nd2 f5 14. Qb3+ Kh8 15. Nc4 Qc7 16. exf5 d5 17. f6 Rxf6 18. Ne3 h5 19. Bd2 Raf8 20. Re2 c4 21. dxc4 d4 22. cxd4 exd4 23. Nd1 Nc5 24. Qa3 Ne6 25. f3 Qg3 26. Nf2 Rxf3 27. Qxf3 Rxf3 28. Ne4 Qb8 29. gxf3 Qxb2 30. Rae1 Qxa2 31. Bh6 Qa3 32. Bxg7+ Kxg7 0-1

[Event "EU-ch blitz"]
[Site "Skopje"]
[Date "2018.12.07"]
[Round "19"]
[White "Jankovic, Alojzije"]
[Black "Robulj, Nenad"]
[Result "1-0"]
[WhiteElo "2557"]
[BlackElo "2286"]
[PlyCount "37"]
[EventDate "2018.12.06"]
[EventType "swiss (blitz)"]
[EventRounds "22"]
[EventCountry "MKD"]
[SourceTitle "CBM 187 Extra"]
[Source "ChessBase"]
[SourceDate "2018.11.04"]
[SourceVersion "1"]
[SourceVersionDate "2018.11.04"]
[SourceQuality "1"]

1. d4 Nf6 2. Nf3 g6 3. g3 Bg7 4. Bg2 0-0 5. 0-0 d6 6. c4 Nbd7 7. Nc3 e5 8. e4 Re8 9. h3 a5 10. Be3 exd4 11. Nxd4 Nc5 12. Qc2 Qe7 13. Rfe1 Nfxe4 14. Nxe4 Nxe4 15. Bxe4 Qxe4 16. Bd2 Qxd4 17. Rxe8+ Bf8 18. Bh6 Bf5 19. Rxa8 1-0

[Event "EU-ch blitz"]
[Site "Skopje"]
[Date "2018.12.07"]
[Round "16"]
[White "Jankovic, Alojzije"]
[Black "Zlatanovic, Boroljub"]
[Result "0-1"]
[WhiteElo "2557"]
[BlackElo "2376"]
[PlyCount "112"]
[EventDate "2018.12.06"]
[EventType "swiss (blitz)"]
[EventRounds "22"]
[EventCountry "MKD"]
[SourceTitle "CBM 187 Extra"]
[Source "ChessBase"]
[SourceDate "2018.11.04"]
[SourceVersion "1"]
[SourceVersionDate "2018.11.04"]
[SourceQuality "1"]

1. d4 g6 2. c4 Bg7 3. Nf3 d6 4. Nc3 e5 5. dxe5 dxe5 6. Qxd8+ Kxd8 7. Bd2 f6 8. 0-0-0 Ke8 9. Rg1 Nh6 10. e3 Na6 11. h3 Nf7 12. g4 Be6 13. h4 c6 14. h5 Ke7 15. Nh4 gxh5 16. Nf5+ Bxf5 17. gxf5 Bh6 18. Ne4 Ng5 19. Nxg5 Bxg5 20. f4 exf4 21. exf4 Bh6 22. Rh1 Rad8 23. Rxh5 Rxd2 24. Kxd2 Bxf4+ 25. Kc2 h6 26. Rh4 Be5 27. Rg4 Rh7 28. Rg8 Nb4+ 29. Kb3 c5 30. Bg2 Bd4 31. Bxb7 Kd6 32. Bf3 Nc6 33. Bxc6 Kxc6 34. Rd2 h5 35. Re2 Be5 36. Reg2 h4 37. R2g7 Rh5 38. Re8 Rxf5 39. Rh7 Rf2 40. Re6+ Bd6 41. Rxh4 Kd7 42. Re3 Be5 43. Rd3+ Ke6 44. Rd5 Rxb2+ 45. Ka3 Rb6 46. Rh3 Bd4 47. Rf3 Ra6+ 48. Kb3 Rb6+ 49. Ka4 Ra6+ 50. Kb5 Rxa2 51. Rd8 Rb2+ 52. Kc6 Rb6+ 53. Kc7 Rb4 54. Ra8 Rxc4 55. Rxa7 Rc3 56. Kc6 Rxf3 0-1

[Event "EU-ch blitz"]
[Site "Skopje"]
[Date "2018.12.07"]
[Round "15"]
[White "Zlatanovic, Boroljub"]
[Black "Jankovic, Alojzije"]
[Result "1/2-1/2"]
[WhiteElo "2376"]
[BlackElo "2557"]
[PlyCount "72"]
[EventDate "2018.12.06"]
[EventType "swiss (blitz)"]
[EventRounds "22"]
[EventCountry "MKD"]
[SourceTitle "CBM 187 Extra"]
[Source "ChessBase"]
[SourceDate "2018.11.04"]
[SourceVersion "1"]
[SourceVersionDate "2018.11.04"]
[SourceQuality "1"]

1. Nc3 g6 2. d4 d5 3. e4 dxe4 4. Nxe4 Bg7 5. Nf3 Nh6 6. h3 Nf5 7. c3 0-0 8. Bc4 b6 9. 0-0 Bb7 10. Qe2 Nd7 11. Bb3 c5 12. dxc5 Bxe4 13. Qxe4 Nxc5 14. Qc2 Nxb3 15. Qxb3 Qc7 16. Bd2 Rfd8 17. Rad1 h6 18. Bc1 e6 19. Qa4 Qb7 20. Bf4 b5 21. Qb3 Qc6 22. Be5 h5 23. Bxg7 Kxg7 24. Qb4 Rd5 25. Nd4 Nxd4 26. Rxd4 Rad8 27. Rfd1 e5 28. Rxd5 Rxd5 29. Rxd5 Qxd5 30. Qe7 Qd1+ 31. Kh2 Qe2 32. f4 e4 33. f5 gxf5 34. Qg5+ Kf8 35. Qd8+ Kg7 36. Qg5+ Kf8 1/2-1/2

[Event "CRO-chT1A 27th"]
[Site "Biograd"]
[Date "2018.09.12"]
[Round "5.46"]
[White "Petrov, Jole"]
[Black "Jankovic, Alojzije"]
[Result "1-0"]
[WhiteElo "2397"]
[BlackElo "2558"]
[PlyCount "113"]
[EventDate "2018.09.08"]
[EventType "team-tourn"]
[EventRounds "9"]
[EventCountry "CRO"]
[SourceTitle "CBM 186 Extra"]
[Source "ChessBase"]
[SourceDate "2018.08.24"]
[SourceVersion "1"]
[SourceVersionDate "2018.08.24"]
[SourceQuality "1"]
[WhiteTeam "Rijeka Rijeka"]
[BlackTeam "Zagreb Zagreb"]
[WhiteTeamCountry "CRO"]
[BlackTeamCountry "CRO"]

1. d4 Nf6 2. c4 g6 3. g3 c6 4. Bg2 d6 5. Nf3 Qa5+ 6. Bd2 Qa6 7. b3 Ne4 8. Be3 Bg7 9. Nbd2 Nf6 10. h3 b5 11. 0-0 0-0 12. Ne1 Be6 13. Qc2 Bf5 14. Nd3 bxc4 15. bxc4 Bxd3 16. Qxd3 Nbd7 17. Rab1 Rfb8 18. Rb3 d5 19. Ra3 Qc8 20. Rc1 Qd8 21. Bf4 Rb7 22. e4 e6 23. exd5 exd5 24. Ra6 Rb6 25. c5 Rxa6 26. Qxa6 Nh5 27. Bd6 Bxd4 28. Qxc6 Rc8 29. Qxd5 Bxc5 30. Bxc5 Nhf6 31. Qg5 Nxc5 32. Rxc5 Rxc5 33. Qxc5 Qxd2 34. Qxa7 h5 35. a4 h4 36. g4 Kg7 37. Bf1 Qd1 38. a5 Nxg4 39. hxg4 Qxg4+ 40. Kh1 Qe4+ 41. Bg2 Qe1+ 42. Kh2 Qe5+ 43. Kg1 Qa1+ 44. Bf1 h3 45. Qa6 Qe1 46. Qb5 h2+ 47. Kg2 h1Q+ 48. Kxh1 Qxf2 49. Qe5+ f6 50. Qc7+ Kf8 51. Bc4 Qe1+ 52. Kg2 Qd2+ 53. Kf3 Qc3+ 54. Ke4 Qc2+ 55. Kd5 Qf5+ 56. Kc6 Qe4+ 57. Kb6 1-0

[Event "CRO-chT1A 27th"]
[Site "Biograd"]
[Date "2018.09.11"]
[Round "4.25"]
[White "Dutina, Dario"]
[Black "Jankovic, Alojzije"]
[Result "1/2-1/2"]
[WhiteElo "2245"]
[BlackElo "2558"]
[PlyCount "38"]
[EventDate "2018.09.08"]
[EventType "team-tourn"]
[EventRounds "9"]
[EventCountry "CRO"]
[SourceTitle "CBM 186 Extra"]
[Source "ChessBase"]
[SourceDate "2018.08.24"]
[SourceVersion "1"]
[SourceVersionDate "2018.08.24"]
[SourceQuality "1"]
[WhiteTeam "Sesvete Sljeme"]
[BlackTeam "Zagreb Zagreb"]
[WhiteTeamCountry "CRO"]
[BlackTeamCountry "CRO"]

1. e4 c5 2. Nf3 e6 3. d4 cxd4 4. Nxd4 Nc6 5. Nc3 Qc7 6. Ndb5 Qb8 7. a4 Nf6 8. g3 a6 9. Na3 d5 10. exd5 Qe5+ 11. Qe2 exd5 12. Bg2 Qxe2+ 13. Nxe2 Bf5 14. Bg5 Bc5 15. Bxf6 gxf6 16. 0-0 0-0-0 17. Nf4 Be4 18. Rfd1 Ne5 19. Nd3 Bxd3 1/2-1/2

[Event "BIH-chT 17th"]
[Site "Jahorina"]
[Date "2018.06.10"]
[Round "9.3"]
[White "Benkovic, Petar"]
[Black "Jankovic, Alojzije"]
[Result "1-0"]
[WhiteElo "2375"]
[BlackElo "2568"]
[PlyCount "39"]
[EventDate "2018.06.02"]
[EventType "team-tourn"]
[EventRounds "9"]
[EventCountry "BIH"]
[SourceTitle "CBM 184 Extra"]
[Source "ChessBase"]
[SourceDate "2018.06.28"]
[SourceVersion "1"]
[SourceVersionDate "2018.06.28"]
[SourceQuality "1"]
[WhiteTeam "Zenica Celik"]
[BlackTeam "Sarajevo Napredak"]
[WhiteTeamCountry "BIH"]
[BlackTeamCountry "BIH"]

1. Nf3 g6 2. d4 Nf6 3. c4 Bg7 4. Nc3 0-0 5. e4 d6 6. Be2 e5 7. 0-0 a5 8. Be3 Na6 9. Qc2 Qe8 10. h3 Nb4 11. Qb1 Nxe4 12. Qxe4 f5 13. Qh4 f4 14. a3 h6 15. axb4 g5 16. Nxg5 hxg5 17. Qxg5 Rf5 18. Qh4 Rf6 19. Nd5 Rh6 20. Qxh6 1-0